MDQL
is popping MORE tags! Check the
thread
!
Quizzes
Events
Quiz Creation
Community
Videos
Private Events
Remove Ads
Sign In
Join for FREE
Feedback
Dark Mode
Quiz Categories
Sports
Geography
Music
Movies
Television
Just For Fun
Miscellaneous
History
Literature
Language
Science
Gaming
Entertainment
Religion
Holiday
For Kids
Quiz Lab
Recent
Popular Today
Quiz Kudos Today
Editor Picks
Curator Picks
Quizzes by...
Day
Popularity
Type
Ratings
Length
Year
Community
Subscriptions
Recent Discussions
Orange Saloon
Badges
Playlists
Quests
Create
Leaderboards
Showdown
Live 5
Trivia Bingo
Activity
Puzzle Library
Sporcle Events
Private Events
Virtual Trivia
Globe League
Become a Host
Pub Owners
SporcleCon
Opinionation
Our Games
Videos
Blog
Mobile Apps
Partnerships
Remove Ads and Go Orange
Feedback
Television
TV Characters
TV Show
Sitcom
Network
Friends
Reality Shows
Cast
South Park
Star Trek
The Simpsons
Doctor Who
Television
TV Characters
TV Show
Sitcom
Network
Friends
Reality Shows
Cast
South Park
Star Trek
The Simpsons
Doctor Who
Random Quiz
Search Sporcle
×
Quiz Lab
Quiz Lab
Television
Show
Type in answers that appear in a list
Type in answers that appear in a list
Classic
Best Score? Go Orange.
Television Show by HOST Stats
Can you name the Television show by the HOST?
By
Bassoprofundo
10m
40 Questions
457 Plays
457 Plays
457 Plays
Comments
Comments
Give Quiz Kudos
Give Quiz Kudos
-
- Ratings
hide this ad
Random Order
Randomize order of answers
Randomize order of answers
Replay
Link that replays current quiz
Next Quiz
Link to next quiz in quiz playlist
You Got
0%
They Got
Avg Score
54%
Avg Friend Score
Upgrade to see
Score Distribution
Jump to the score distribution portion of the page
Score
0/40
Timer
10:00
0
Plays Today
Host's Name
Television Show
% Correct
Ryan Seacrest
American Idol
92.8%
Alex Trebek
Jeopardy
88.2%
Tyra Banks
America's Next Top Model
87.1%
Pat Sajak
Wheel of Fortune
86.9%
Bob Barker/
Drew Carey
The Price is Right
86.7%
Regis Philbin
Who Wants To Be A Millionaire
86.7%
Donald Trump
The Apprentice
85.8%
Howie Mandel
Deal or No Deal
85.3%
Jeff Probst
Survivor
83.2%
Jeff Foxworthy
Are You Smarter Than a 5th Grader
80.7%
Ashton Kutcher
Punk'd
76.1%
Bob Saget/
Tom Burgeron/
Daisy Fuentes
America's Funniest Home Videos
71.8%
Tom Bergeron
Dancing With the Stars
69.6%
Heidi Klum
Project Runway
67.6%
Ty Pennington
Extreme Makeover Home Edition
66.3%
Joe Rogan
Fear Factor
66.1%
Flavor Flav
Flavor of Love
64.3%
Julie Chen
Big Brother
62.6%
Caroline Rhea/
Allison Sweeney
The Biggest Loser
61.7%
Cat Deeley
So You Think You Can Dance
58.9%
Host's Name
Television Show
% Correct
Padma Lakshmi
Top Chef
55.6%
Xzibit
Pimp My Ride
54.9%
Phil Keoghan
The Amazing Race
53.2%
Marc Summers
Double Dare
46.2%
Tom Bergeron
Hollywood Squares
42.5%
Anne Robinson
The Weakest Link
41.6%
Stacy London/
Clinton Kelly
What Not To Wear
40%
Alton Brown
Iron Chef America
38.3%
Chris Harrison
The Bachelor
37.4%
Mario Lopez
America's Best Dance Crew
34.4%
Ben Bailey
Cash Cab
33.5%
Anderson Cooper
The Mole
31.3%
Brooke Burns
Dog Eat Dog
27.4%
Mo'Nique/
Sharon Osbourne/
Ricki Lake
Charm School
25.8%
Jo Frost
Supernanny
20.1%
Ted Allen
Chopped
16.4%
Kirk Fogg
Legends of the Hidden Temple
13.8%
Jaclyn Smith
Shear Genius
11.2%
Stan Lee
Who Wants to Be a Superhero
9.8%
Anthony Kalloniatis
Celebrity Fit Club
3.3%
Quiz Playlist
Details
Report
Send in Message
Add To Playlist
Classic:
Type in answers that appear in a list
Random Order:
Randomize order of answers
Last Updated: Feb 16, 2017
Quiz Scoreboard
CHALLENGE
Sign Up to Join the Scoreboard
Show All
Scores
Hide
Comments
May contain spoilers
Recently Published
Image Sorting: Flags VI
by Barbecue
Geography
2m
Find the 'City' Movie
by crazypaving
Movies
60s
Colored Red Africa Blitz
by spor1
Geography
45s
More to Explore
Quiz From the Vault
Featured Blog Post
14 Easter Pick-up Lines to Find Eggs With
hide this ad
You Might Also Like...
Tags
Show Quiz
host
Today's Top Quizzes in Television
Browse Television
hide this ad
Today's Top Quizzes in Show
Browse Show
Top Contributed Quizzes in Television
1
Survivor Journey Challenge
2
Brooklyn Nine Nine Logic Puzzle (How-To-Play)
3
Total Drama Characters
4
Phoebe Buffay Quotes
5
Survivor Heroes vs. Villains Logic Puzzle
6
Adjectives in 00s TV Shows
7
Survivor Trivia
8
Game of Thrones: Tywin Lannister Start to Finish
9
Emmerdale Characters (from August 2012)
10
Survivor Logic Puzzle: Heroes vs. Villains
Explore More
Trending Topics
Crossword
Marvel
Anime
Kpop
Disney
Harry Potter
NBA
NFL
Song
Pokémon
WWE
Country
Soccer
The Office
Puzzle
hide this ad
More By:
Bassoprofundo
Quiz
Plays
Rating
Category
Featured
Created
Television Show by HOST
457
4.44
Television
Dec 22, 2009
Okami Celestial Brush Techniques
125
2.80
Gaming
Dec 11, 2009
Rocky Horrow Show Characters
98
5.00
Entertainment
Dec 11, 2009
Go to Creator's Profile
Score Distribution
Quiz Creator Spotlight
Bassoprofundo
Follow
Send a Message
Quizzes Created
-
Created Quiz Play Count
-
More By This Creator
Popular Quizzes Today
1
Colored Red Africa Blitz
2
Find the US States - No Outlines Minefield
3
Find the 'City' Movie
4
5x2 Blitz: Bands
5
The Countries of the World
6
Find the US States
7
Find the Countries of Europe - No Outlines Minefield
8
US States
More Television Quizzes
Game of Thrones Screenshots: S07E03
Curator's Pick
Trending Quizzes
Colored Red Europe Blitz I
Colored Red Europe Blitz II
Colored Red Africa Blitz II
Colored Red Europe Blitz III
Colored Red Africa Blitz III
Recently Updated
How Do You Spell That?
pecheneg
Godzilla Movies
pecheneg
Grab Bag: 4-10 Letters
pecheneg
2024 March Madness Bracket
pecheneg
Famous TV Couples
Peacemaker
Champions League XIs: Real Madrid
pecheneg
Largest US Cities 1790-2010
pecheneg
Rides in Walt Disney World
pecheneg
Most Oscar Losses (Acting)
pecheneg
Beyoncé Albums
pecheneg
Trending Topics
Disney
Kpop
Anime
Marvel
Crossword
Harry Potter
NBA
Pokémon
Soccer
The Office
WWE
Song
Puzzle
Country
NFL
Your Account Isn't Verified!
In order to create a playlist on Sporcle, you need to verify the email address you used during registration. Go to your
Sporcle Settings
to finish the process.
Report this User
Report this user for behavior that violates our
Community Guidelines
.
Details:
Send Report
Go to the Sporcle.com Mobile Site →
Comments